Die Kafer Mitteleuropas /

Bibliographic Details
Main Author: Freude, Heinz
Other Authors: Harde, Karl Wilhelm, Lohse, Gustav Adolf
Format: Book
Language:German
Published: Krefeld : Goecke & Evers, [1964]-
Subjects:

MARC

Tag First Indicator Second Indicator Subfields
LEADER 00000cam a22000001 4500
001 in00000429821
005 20151012074807.0
008 770212m19641983gw a 00110 ger
010 |a  65068954  
020 |a 3872630318 (v. 11) 
035 |a (OCoLC)02701806 
035 |9 ABX2747AM 
040 |a DLC  |c COO  |d DLC  |d m.c.  |d TXA  |d UtOrBLW 
043 |a e------ 
049 |a TXAM  |v 1 [A08357432]  |v 2 [A08357432]  |v 3 [A08357000]  |v 4 [A08966304]  |v 5 [A08357903]  |v 6 [A08362128]  |v 7 [A08361164]  |v 8 [A08360744]  |v 9 [A08361279]  |v 10 [A08360948]  |v 11 [A08360883] 
050 0 0 |a QL591.A1  |b F7 
082 0 |a 595.7094  |2 19 
100 1 |a Freude, Heinz. 
245 1 4 |a Die Kafer Mitteleuropas /  |c Heinz Freude, Karl Wilhelm Harde, Gustav Adolf Lohse. 
264 1 |a Krefeld :  |b Goecke & Evers,  |c [1964]- 
264 4 |c ©1983 
300 |a 11 volumes :  |b illustrations (part color) ;  |c 25 cm. 
336 |a text  |b txt  |2 rdacontent 
337 |a unmediated  |b n  |2 rdamedia 
338 |a volume  |b nc  |2 rdacarrier 
500 |a Volume 11 includes indexes. 
500 |a Volume 1 published in 1965. 
505 0 |a Bd. 1. Einfuhrung in die Kaferkunde.--Bd. 2. Adephaga 1.--Bd. 3. Adephaga 2. Palpicornia. Histeroidea. Staphylinoidea 1.--Bd. 4-5. Staphylinidae. (2 v.).--Bd. 6. Diversicornia.--Bd. 7. Clavicornia.--Bd. 8. Teredilia, Heteromera, Lamellicornia.--Bd. 9. Cerambycidae. Chrysomelidae.--Bd. 10. Bruchidae, Anthribidae, Scolytidae, Platypodidae, Curculionidae.--Bd. 11. Rhynchophora. 
650 0 |a Beetles  |z Europe. 
700 1 |a Harde, Karl Wilhelm. 
700 1 |a Lohse, Gustav Adolf. 
999 |a MARS 
999 f f |s 86d0e9dc-b076-3588-9670-8e0d955df31e  |i b16232b0-e5fc-3067-8af5-0cc87ca4dd76  |t 0 
952 f f |p ric  |a Texas A&M University  |b Rellis Campus  |c Joint Library Facility  |d Remote Storage  |t 0  |e QL591.A1 F7  |h Library of Congress classification  |i unmediated -- volume  |k bd.1  |m A14808968013 
952 f f |p ric  |a Texas A&M University  |b Rellis Campus  |c Joint Library Facility  |d Remote Storage  |t 0  |e QL591.A1 F7  |h Library of Congress classification  |i unmediated -- volume  |k bd.3  |m A14808357000 
952 f f |p ric  |a Texas A&M University  |b Rellis Campus  |c Joint Library Facility  |d Remote Storage  |t 0  |e QL591.A1 F7  |h Library of Congress classification  |i unmediated -- volume  |k bd.8  |m A14808360744 
952 f f |p ric  |a Texas A&M University  |b Rellis Campus  |c Joint Library Facility  |d Remote Storage  |t 0  |e QL591.A1 F7  |h Library of Congress classification  |i unmediated -- volume  |k bd.10  |m A14808360948 
952 f f |p ric  |a Texas A&M University  |b Rellis Campus  |c Joint Library Facility  |d Remote Storage  |t 0  |e QL591.A1 F7  |h Library of Congress classification  |i unmediated -- volume  |k bd.9  |m A14808361279 
952 f f |p ric  |a Texas A&M University  |b Rellis Campus  |c Joint Library Facility  |d Remote Storage  |t 0  |e QL591.A1 F7  |h Library of Congress classification  |i unmediated -- volume  |k bd.2  |m A14808357432 
952 f f |p ric  |a Texas A&M University  |b Rellis Campus  |c Joint Library Facility  |d Remote Storage  |t 0  |e QL591.A1 F7  |h Library of Congress classification  |i unmediated -- volume  |k bd.7  |m A14808361164 
952 f f |p ric  |a Texas A&M University  |b Rellis Campus  |c Joint Library Facility  |d Remote Storage  |t 0  |e QL591.A1 F7  |h Library of Congress classification  |i unmediated -- volume  |k bd.5  |m A14808357903 
952 f f |p ric  |a Texas A&M University  |b Rellis Campus  |c Joint Library Facility  |d Remote Storage  |t 0  |e QL591.A1 F7  |h Library of Congress classification  |i unmediated -- volume  |k bd.6  |m A14808362128 
952 f f |p ric  |a Texas A&M University  |b Rellis Campus  |c Joint Library Facility  |d Remote Storage  |t 0  |e QL591.A1 F7  |h Library of Congress classification  |i unmediated -- volume  |k bd.11  |m A14808360883 
952 f f |p ric  |a Texas A&M University  |b Rellis Campus  |c Joint Library Facility  |d Remote Storage  |t 0  |e QL591.A1 F7  |h Library of Congress classification  |i unmediated -- volume  |k bd.4  |m A14808966304 
998 f f |a QL591.A1 F7  |s Bd.1-Bd.11  |t 0  |l Remote Storage